Départements français les plus à l'ouest - Statistiques

Statistiques générales
  • Ce quiz a été pris 110 fois
  • Le résultat moyen est 14 sur 16
Statistiques - réponses
Longitude Département % Correct
5°09'O Finistère
100%
2°32'O Loire-Atlantique
98%
2°21'O Vendée
97%
3°37'O Côtes-d'Armor
96%
1°08'O Gironde
96%
3°42'O Morbihan
95%
1°32'O Charente-Maritime
94%
1°46'O Pyrénées Atlantiques
93%
1°27'O Landes
92%
2°13'O Ille-et-Vilaine
91%
63°09'O Guadeloupe
87%
61°13'O Martinique
87%
1°54'O Manche
85%
54°22'O Guyane
84%
1°19'O Maine-et-Loire
70%
1°12'O Mayenne
70%
Aucun quiz correspondant
Distribution des résultats
% des personnes avec chaque résultat
Percentile par nombre de réponses
Votre historique - résultats
Vous n’avez pas pris ce quiz